Yogirajadhiraj swami vishuddhanand paramahansadeva : (Record no. 144038)

MARC details
000 -LEADER
fixed length control field 00660nam a22002057a 4500
005 - DATE AND TIME OF LATEST TRANSACTION
control field 20260701113454.0
010 ## - LCCN (DPL NO)
LC control number ENG-120308 ENG-137362 ENG-148922
020 ## - INTERNATIONAL STANDARD BOOK NUMBER
International Standard Book Number 9789351460268
Terms of availability 600.00
020 ## - INTERNATIONAL STANDARD BOOK NUMBER
Terms of availability 750.00
035 ## - SYSTEM CONTROL NUMBER
System control number EN-103840 EN-120894
035 ## - SYSTEM CONTROL NUMBER
System control number EN-132454
037 ## - SOURCE OF ACQUISITION
Source of stock number/acquisition DBAD
082 ## - DEWEY DECIMAL CLASSIFICATION NUMBER
Classification number 230.35
100 ## - MAIN ENTRY--PERSONAL NAME
Personal name Gupta,Nand Lal
245 ## - TITLE STATEMENT
Title Yogirajadhiraj swami vishuddhanand paramahansadeva :
Remainder of title life and philosophy/
Statement of responsibility, etc by Nand lal Gupta
260 ## - PUBLICATION, DISTRIBUTION, ETC. (IMPRINT)
Place of publication, distribution, etc Varanasi
Name of publisher, distributor, etc Vishwavidyalaya prakashan
Date of publication, distribution, etc 2014
270 ## - ADDRESS
Address Chowk
City Varanasi
Postal code 221001
300 ## - PHYSICAL DESCRIPTION
Extent xviii,396p [12].:
Dimensions 24cm(Hb)
Other physical details ill.
942 ## - ADDED ENTRY ELEMENTS (KOHA)
Source of classification or shelving scheme Dewey Decimal Classification
Item type English Books
Classification part 230.35
Call number suffix GUP
Holdings
Withdrawn status Lost status Not for loan Collection code Home library Current library Date acquired Source of acquisition Cost, normal purchase price Full call number Barcode Copy number Cost, replacement price Koha item type
      Non-fiction Ashok Vihar Ashok Vihar 05/09/2017 DBAD/PUB 600.00 230.35 GUP EN-103840 1 600.00 English Books
    Not For Loan Non-fiction D.B.Act.Division D.B.Act.Division 01/07/2026 Delivery of Books Act Division 750.00 230.35 GUP EN-132454 1 750.00 English Books
      Non-fiction Narela Narela 11/07/2023 DBAD/PUB 600.00 230.35 GUP EN-120894 1 600.00 English Books

© Delhi Public Library
Hit Counter
free hit counter